000 01260cam a2200349 a 4500
001 12969
003 BD-RjUL
005 20211208235401.0
008 140130s2012 maua b 000 0 eng d
020 _a9780538452847
020 _a0538452846
020 _a9781111298067
020 _a1111298068
035 _a(BD-RjUL)13019
040 _aBTCTA
_beng
_cBTCTA
_dYDXCP
_dCDC
_dBWX
_dIUL
_dDLC
_dBD-RjUL
041 _aeng
082 _222
_a179.1
_bPOE 2012
100 1 _aPojman, Louis P.
_940419
245 1 0 _aEnvironmental ethics :
_breadings in theory and application /
_cLouis P. Pojman, Paul Pojman.
250 _a6th ed.
260 _aBoston, Mass. :
_bWadsworth,
_cc2012.
300 _axiii, 769 p. :
_bill. ;
_c24 cm.
504 _aIncludes bibliographical references.
650 0 _aEnvironmental ethics.
_940420
700 1 _aPojman, Paul.
_940421
856 4 2 _3Publisher description
_uhttp://www.loc.gov/catdir/enhancements/fy1215/2010936474-d.html
856 4 1 _3Table of contents only
_uhttp://www.loc.gov/catdir/enhancements/fy1215/2010936474-t.html
856 4 2 _3Contributor biographical information
_uhttp://www.loc.gov/catdir/enhancements/fy1303/2010936474-b.html
942 _2ddc
_cBK
999 _c12969
_d12969